[Event "Warsaw YMCA Autumn-B 265th"]
[Site "Warsaw"]
[Date "2022.10.27"]
[Round "5"]
[White "Bartczak, Hanna"]
[Black "Szumigaj, Marcin"]
[Result "1/2-1/2"]
[WhiteElo "1501"]
[BlackElo "1510"]
[PlyCount "73"]
[EventDate "2022.09.28"]
[EventType "tourn"]
[EventRounds "13"]
[EventCountry "POL"]
[SourceTitle "EXT 2024"]
[Source "ChessBase"]
[SourceDate "2023.10.10"]
[SourceVersion "1"]
[SourceVersionDate "2023.10.10"]
[SourceQuality "1"]

1. d4 d5 2. c4 c6 3. cxd5 cxd5 4. Nf3 Nf6 5. e3 e6 6. Bd3 Bd6 7. Nc3 0-0 8. 0-0 Nbd7 9. e4 dxe4 10. Nxe4 Nxe4 11. Bxe4 Nf6 12. Bc2 h6 13. Qd3 Qa5 14. Bd2 Qh5 15. Bc3 b6 16. Ne5 Bb7 17. h3 Rfd8 18. Qe3 Nd5 19. Qe4 f5 20. Qf3 Qxf3 21. Nxf3 Nxc3 22. bxc3 Bxf3 23. gxf3 Rac8 24. Bb3 Kf7 25. Rfe1 Re8 26. Re3 Bf4 27. Rd3 Kf6 28. Rad1 e5 29. dxe5+ Bxe5 30. c4 Rc7 31. Kg2 Kg5 32. Rd5 Rc5 33. Rd7 a5 34. Rb7 Re6 35. Rdd7 g6 36. Rd3 Kf6 37. Rbd7 1/2-1/2

[Event "Polanica Zdroj op-C 58th"]
[Site "Polanica Zdroj"]
[Date "2022.08.13"]
[Round "1"]
[White "Bartczak, Hanna"]
[Black "Wielgus, Jerzy"]
[Result "1/2-1/2"]
[WhiteElo "1479"]
[BlackElo "1832"]
[PlyCount "111"]
[EventDate "2022.08.13"]
[EventType "swiss"]
[EventRounds "9"]
[EventCountry "POL"]
[SourceTitle "CBM 210 Extra"]
[Source "ChessBase"]
[SourceDate "2022.11.30"]
[SourceVersion "1"]
[SourceVersionDate "2022.11.30"]
[SourceQuality "1"]

1. d4 Nf6 2. Nc3 d5 3. Bf4 c6 4. e3 Bf5 5. f3 e6 6. g4 Bg6 7. h4 h5 8. g5 Nfd7 9. Bd3 Bxd3 10. Qxd3 Nb6 11. Nge2 Bd6 12. 0-0-0 Na6 13. e4 Nb4 14. Qe3 Nc4 15. Qf2 Qb6 16. b3 Bxf4+ 17. Nxf4 Na3 18. Rd2 Qc7 19. Nd3 a5 20. Re1 0-0 21. Kb2 Naxc2 22. Rc1 Nxd3+ 23. Rxd3 Nb4 24. Rd2 Qf4 25. a3 Na6 26. Rdc2 dxe4 27. fxe4 Qxf2 28. Rxf2 Rad8 29. Rd1 Rd7 30. d5 exd5 31. exd5 cxd5 32. Rxd5 Rxd5 33. Nxd5 Re8 34. Rf4 Re5 35. Rd4 Nc5 36. Nc3 Kh7 37. b4 axb4 38. axb4 Na6 39. Kb3 Re7 40. Nd5 Re1 41. Kc4 Nb8 42. Kb5 Nc6 43. Rf4 Re5 44. Kc4 Nd8 45. b5 Kg6 46. Kd4 Re1 47. Re4 Ne6+ 48. Ke5 f6+ 49. gxf6 Rxe4+ 50. Kxe4 gxf6 51. Ne3 Ng7 52. Kd5 Nf5 53. Ng2 Kf7 54. Kc5 Ke7 55. Kb6 Nd4 56. Nf4 1/2-1/2

[Event "Warsaw YMCA Spring-C 215th"]
[Site "Warsaw"]
[Date "2019.05.29"]
[Round "8"]
[White "Jaroszuk, Marcin"]
[Black "Bartczak, Hanna"]
[Result "1-0"]
[WhiteElo "1394"]
[BlackElo "1391"]
[PlyCount "43"]
[EventDate "2019.04.10"]
[EventType "tourn"]
[EventRounds "11"]
[EventCountry "POL"]
[SourceTitle "CBM 195 Extra"]
[Source "ChessBase"]
[SourceDate "2020.05.31"]
[SourceVersion "1"]
[SourceVersionDate "2020.05.31"]
[SourceQuality "1"]

1. Nf3 Nf6 2. g3 e6 3. Bg2 d5 4. 0-0 c5 5. d4 Nc6 6. c4 dxc4 7. Qa4 Bd7 8. Qxc4 cxd4 9. Nxd4 Rc8 10. Nc3 Nxd4 11. Qxd4 Bc5 12. Qh4 Bc6 13. Rd1 Qb6 14. Bxc6+ Qxc6 15. Bh6 Bf8 16. Rac1 Qc4 17. Ne4 Qxe4 18. Rxc8+ Ke7 19. Bg5 Qxh4 20. gxh4 h6 21. Be3 Nd5 22. Bc5+ 1-0

[Event "Warsaw YMCA Winter-C 211st"]
[Site "Warsaw"]
[Date "2019.03.20"]
[Round "12"]
[White "Bartczak, Hanna"]
[Black "Szumigaj, Marcin"]
[Result "1-0"]
[WhiteElo "1456"]
[BlackElo "1418"]
[PlyCount "63"]
[EventDate "2019.01.09"]
[EventType "tourn"]
[EventRounds "13"]
[EventCountry "POL"]
[SourceTitle "EXT 2021"]
[Source "ChessBase"]
[SourceDate "2020.10.23"]
[SourceVersion "1"]
[SourceVersionDate "2020.10.23"]
[SourceQuality "1"]

1. d4 Nf6 2. c4 g6 3. Nc3 Bg7 4. Nf3 0-0 5. Bf4 d6 6. e3 Nbd7 7. h3 Nh5 8. Bg5 c5 9. Be2 Re8 10. Nd5 Nhf6 11. Nxf6+ Nxf6 12. 0-0 Qb6 13. Qb3 Qc7 14. Rfd1 h6 15. Bf4 e5 16. dxe5 dxe5 17. Nxe5 Rxe5 18. Bf3 Bf5 19. Qxb7 Qxb7 20. Bxb7 Rae8 21. Bxe5 Rxe5 22. Rd8+ Re8 23. Rad1 Kf8 24. Bc6 Rxd8 25. Rxd8+ Ke7 26. Ra8 Kd6 27. Bb5 Nd7 28. b3 Be6 29. Rxa7 Nb8 30. Rb7 Nd7 31. Kf1 Nf6 32. f3 1-0

[Event "Warsaw YMCA Winter-C 211st"]
[Site "Warsaw"]
[Date "2019.02.13"]
[Round "6"]
[White "Bartczak, Hanna"]
[Black "Jaroszuk, Marcin"]
[Result "0-1"]
[WhiteElo "1456"]
[BlackElo "1400"]
[PlyCount "74"]
[EventDate "2019.01.09"]
[EventType "tourn"]
[EventRounds "13"]
[EventCountry "POL"]
[SourceTitle "EXT 2021"]
[Source "ChessBase"]
[SourceDate "2020.10.23"]
[SourceVersion "1"]
[SourceVersionDate "2020.10.23"]
[SourceQuality "1"]

1. d4 e6 2. c4 f5 3. Nf3 Nf6 4. e3 b6 5. Be2 Bb7 6. 0-0 Be7 7. Nc3 0-0 8. b3 Ne4 9. Bb2 Ba3 10. Qc1 Nxc3 11. Qxc3 Bxb2 12. Qxb2 d6 13. Rfd1 Nd7 14. b4 Rb8 15. a4 Qe7 16. a5 e5 17. axb6 axb6 18. d5 g5 19. Nd2 Qf6 20. e4 f4 21. Bg4 Qg7 22. Qc3 Nf6 23. Be6+ Kh8 24. h3 Bc8 25. Bxc8 Rbxc8 26. f3 h5 27. Ra7 g4 28. fxg4 hxg4 29. hxg4 Qxg4 30. Qf3 Rg8 31. Rf1 Rg7 32. Ra3 Rcg8 33. Qh3+ Rh7 34. Qxg4 Nxg4 35. Nf3 Ne3 36. Rxe3 fxe3 37. Re1 Rhg7 0-1

[Event "Mazowiec-chT op 1819"]
[Site "Warsaw"]
[Date "2018.12.09"]
[Round "3.23"]
[White "Bartczak, Hanna"]
[Black "Ostojski, Dawid"]
[Result "1/2-1/2"]
[WhiteElo "1453"]
[BlackElo "1076"]
[PlyCount "118"]
[EventDate "2018.12.02"]
[EventType "team-swiss"]
[EventRounds "10"]
[EventCountry "POL"]
[SourceTitle "EXT 2020"]
[Source "ChessBase"]
[SourceDate "2019.10.17"]
[SourceVersion "1"]
[SourceVersionDate "2019.10.17"]
[SourceQuality "1"]

1. Nf3 Nc6 2. g3 Nf6 3. Bg2 e6 4. c4 Bc5 5. 0-0 Qe7 6. a3 a5 7. Nc3 d5 8. cxd5 Nxd5 9. d4 Nxc3 10. bxc3 Bb6 11. e4 0-0 12. Be3 Rd8 13. Qb3 Bd7 14. a4 Be8 15. Nd2 e5 16. Nc4 Ba7 17. d5 Nb8 18. Qxb7 Bxe3 19. Nxe3 Na6 20. Qb2 c6 21. Rfd1 Rab8 22. Qa3 Qxa3 23. Rxa3 cxd5 24. exd5 Nc5 25. Nc4 Bxa4 26. Rda1 Bb5 27. Nxa5 e4 28. c4 Be8 29. f3 exf3 30. Bxf3 Rd6 31. Bd1 Rg6 32. Nb3 Nxb3 33. Bxb3 f5 34. Bc2 Rg5 35. Ra8 Rb2 36. Rxe8+ Kf7 37. Re6 Rxc2 38. Ra7+ Kf8 39. Rc6 Re2 40. Rc8+ Re8 41. Rxe8+ Kxe8 42. Kf2 Rg4 43. c5 Rd4 44. d6 Rc4 45. Rc7 g5 46. c6 Kd8 47. Rxh7 Rxc6 48. d7 f4 49. gxf4 gxf4 50. Kf3 Rd6 51. Kxf4 Rxd7 52. Rh8+ Ke7 53. Kg5 Rd6 54. h4 Kf7 55. h5 Kg7 56. Rc8 Kh7 57. Rc7+ Kg8 58. h6 Kh8 59. Rf7 Kg8 1/2-1/2

[Event "Warsaw YMCA Autumn-C 207th"]
[Site "Warsaw"]
[Date "2018.11.23"]
[Round "10"]
[White "Bartczak, Hanna"]
[Black "Janeczko, Jakub"]
[Result "0-1"]
[WhiteElo "1453"]
[BlackElo "1532"]
[PlyCount "74"]
[EventDate "2018.09.18"]
[EventType "tourn"]
[EventRounds "13"]
[EventCountry "POL"]
[SourceTitle "EXT 2021"]
[Source "ChessBase"]
[SourceDate "2020.10.23"]
[SourceVersion "1"]
[SourceVersionDate "2020.10.23"]
[SourceQuality "1"]

1. Nf3 c5 2. e3 Nf6 3. c4 Nc6 4. Nc3 d5 5. b3 Bg4 6. cxd5 Nxd5 7. Be2 e6 8. 0-0 Be7 9. Bb2 0-0 10. Nxd5 Qxd5 11. Rc1 Rad8 12. d4 cxd4 13. Nxd4 Bxe2 14. Qxe2 Nxd4 15. Bxd4 e5 16. Bb2 Qa5 17. Bc3 Bb4 18. Qb2 f6 19. Bxb4 Qxb4 20. Rc4 Qa5 21. Ra4 Qb6 22. Qa3 a6 23. Qb4 Qxb4 24. Rxb4 Rf7 25. Rc1 b5 26. a4 Rc7 27. Rb1 Rd5 28. axb5 axb5 29. f4 Kf7 30. Kf2 Ke6 31. Kf3 Rc2 32. fxe5 Rxe5 33. h4 h6 34. Rg4 g5 35. hxg5 hxg5 36. g3 Rf5+ 37. Ke4 Rff2 0-1

[Event "Warsaw YMCA Autumn-C 207th"]
[Site "Warsaw"]
[Date "2018.10.24"]
[Round "6"]
[White "Kwiecinski, Rafal"]
[Black "Bartczak, Hanna"]
[Result "0-1"]
[WhiteElo "1527"]
[BlackElo "1453"]
[PlyCount "140"]
[EventDate "2018.09.18"]
[EventType "tourn"]
[EventRounds "13"]
[EventCountry "POL"]
[SourceTitle "EXT 2021"]
[Source "ChessBase"]
[SourceDate "2020.10.23"]
[SourceVersion "1"]
[SourceVersionDate "2020.10.23"]
[SourceQuality "1"]

1. e4 d6 2. Bc4 e5 3. d3 Nf6 4. Bg5 Be7 5. Qe2 Nc6 6. c3 0-0 7. Nd2 h6 8. Bh4 a6 9. h3 Na5 10. g4 Nxc4 11. Nxc4 Be6 12. Nf3 Nh7 13. Bxe7 Qxe7 14. Ne3 Ng5 15. h4 Nxf3+ 16. Qxf3 f6 17. Qg3 c6 18. Rg1 Qf7 19. Nf5 d5 20. f3 dxe4 21. fxe4 Rad8 22. 0-0-0 Rd7 23. b3 Rfd8 24. Kc2 Qf8 25. Kb2 g6 26. h5 Bxf5 27. gxf5 g5 28. Rd2 Qc5 29. Rgd1 a5 30. Rc2 b5 31. d4 Qb6 32. Qf2 exd4 33. cxd4 Rxd4 34. Rd3 c5 35. Rdc3 c4 36. e5 fxe5 37. f6 Kf7 38. Qf5 Qxf6 39. Qh7+ Ke6 40. Qc7 Rd2 41. bxc4 Rxc2+ 42. Rxc2 e4+ 43. Kb1 Rd1+ 44. Rc1 Rxc1+ 45. Kxc1 Qc3+ 46. Kd1 Qd3+ 47. Ke1 Qb1+ 48. Kf2 Qxa2+ 49. Kg3 Qb3+ 50. Kh2 Qc2+ 51. Kg1 Qd1+ 52. Kf2 Qd4+ 53. Ke1 Qe3+ 54. Kf1 Qf3+ 55. Ke1 Qc3+ 56. Kd1 Qxc4 57. Qb6+ Kf5 58. Qxh6 Kg4 59. Qg6 Qd3+ 60. Kc1 Qc3+ 61. Kb1 Qb3+ 62. Ka1 Qa4+ 63. Kb1 e3 64. h6 e2 65. Qe8 Qb4+ 66. Ka2 e1Q 67. Qd7+ Kg3 68. Qd3+ Kg2 69. h7 Qe6+ 70. Ka1 Qf6+ 0-1